[Event "3. Memorial Oliver Gonzalez 2012 - B"]
[Site "Madrid ESP"]
[Date "2012.09.09"]
[Round "9.32"]
[White "Martin Garcia, Francisco J"]
[Black "Galan Aguado, Fernando"]
[Result "1/2-1/2"]
[WhiteElo "1609"]
[BlackElo "1820"]
[PlyCount "131"]
[EventDate "2012.09.01"]
[EventType "swiss"]
[EventRounds "9"]
[EventCountry "ESP"]
[Source "lmi"]
[SourceDate "2012.09.01"]

1. d4 e6 2. c4 Nf6 3. g3 d5 4. Bg2 c6 5. Nf3 Nbd7 6. Qc2 Bb4+ 7. Bd2 Be7 8. O-O
O-O 9. Bf4 h6 10. Nbd2 Nb6 11. c5 Nbd7 12. e4 dxe4 13. Nxe4 Nd5 14. Bd6 N7f6
15. Bxe7 Nxe7 16. Nxf6+ gxf6 17. Rad1 Ng6 18. h4 Kg7 19. Qe4 Qd5 20. Qb1 Qd8
21. Nh2 Rh8 22. b4 a6 23. a4 Bd7 24. b5 Rb8 25. b6 Qe7 26. Rfe1 Rbe8 27. h5 Nf8
28. d5 cxd5 29. Bxd5 Bxa4 30. Rd4 Qxc5 31. Rxa4 f5 32. Bxb7 Rb8 33. Bg2 Rxb6
34. Qa1+ Kh7 35. Nf3 Rg8 36. Re5 Qc2 37. Re1 Rb2 38. Rf1 Rxg3 39. Ne5 Rg7 40.
Rxa6 Qe4 41. Ng6 Qb4 42. Nxf8+ Kh8 43. Ng6+ fxg6 44. Ra8+ Kh7 45. Ra7 e5 46.
Rxg7+ Kxg7 47. Qa7+ Kf6 48. Qa6+ Qb6 49. Qc4 Rb4 50. Qg8 Kg5 51. hxg6 Qxg6 52.
Qd8+ Qf6 53. Qd2+ Rf4 54. Kh2 Kg6 55. Rh1 Rg4 56. Kg1 f4 57. Qd3+ Kg5 58. Qh3
Qg6 59. Qb3 h5 60. Kf1 Qa6+ 61. Ke1 Rxg2 62. Qg8+ Qg6 63. Qd8+ Kf5 64. Qd7+ Kg5
65. Qd8+ Kf5 66. Qd7+ 1/2-1/2

[Event "3. Memorial Oliver Gonzalez 2012 - B"]
[Site "Madrid ESP"]
[Date "2012.09.09"]
[Round "9.33"]
[White "Lianes Garcia, Marcos"]
[Black "Montes De Santiago, Fernando"]
[Result "0-1"]
[WhiteElo "1627"]
[BlackElo "1818"]
[PlyCount "144"]
[EventDate "2012.09.01"]
[EventType "swiss"]
[EventRounds "9"]
[EventCountry "ESP"]
[Source "lmi"]
[SourceDate "2012.09.01"]

1. e4 d5 2. exd5 Qxd5 3. Nc3 Qa5 4. Bc4 Nf6 5. Nf3 Bg4 6. h3 Bh5 7. d3 c6 8.
Bd2 Qc7 9. Qe2 e6 10. a3 Bd6 11. Bb3 O-O 12. O-O Nbd7 13. Ne4 Nxe4 14. Qxe4 Nc5
15. Qe2 Nxb3 16. cxb3 Rad8 17. Rfd1 Be7 18. Bc3 Rd7 19. g4 Bg6 20. Ne5 Rd5 21.
Nxg6 hxg6 22. d4 Rfd8 23. Rd3 Bf6 24. Rad1 Qb6 25. Qe3 R8d7 26. b4 Qd8 27. R3d2
Qc7 28. Qg3 Qxg3+ 29. fxg3 e5 30. dxe5 Rxd2 31. Rxd2 Rxd2 32. exf6 Rd1+ 33. Kf2
gxf6 34. Bxf6 Kf8 35. g5 Ke8 36. h4 Kd7 37. g4 Rh1 38. Kg3 Ke6 39. Bd8 Kd5 40.
Bf6 Ke4 41. h5 gxh5 42. gxh5 Rxh5 43. Kg4 Rh1 44. Be7 Rg1+ 45. Kh5 Kf5 46. Kh6
Rf1 47. Bf6 Ke6 48. Kg7 Rf5 49. Bd8 Rf2 50. Bf6 b6 51. Bc3 Rf5 52. Bf6 c5 53.
bxc5 Rxc5 54. Bd8 b5 55. Bf6 a5 56. Bd8 b4 57. axb4 axb4 58. Kh6 Rf5 59. Bb6
Rf3 60. Kg7 Rh3 61. Bc5 Rh5 62. Be3 b3 63. Bd2 Rh2 64. Bc3 Rc2 65. Bd4 Rc6 66.
Bf6 Ra6 67. Bc3 Ke7 68. Bb4+ Ke8 69. Bd2 Rg6+ 70. Kh7 Ke7 71. Bb4+ Ke6 72. Bd2
Kf5 0-1

[Event "3. Memorial Oliver Gonzalez 2012 - B"]
[Site "Madrid ESP"]
[Date "2012.09.09"]
[Round "9.34"]
[White "Rottenwoerer, Christoph"]
[Black "Ortiz Berruguete, Adrian"]
[Result "1-0"]
[WhiteElo "1599"]
[BlackElo "1803"]
[PlyCount "57"]
[EventDate "2012.09.01"]
[EventType "swiss"]
[EventRounds "9"]
[EventCountry "ESP"]
[Source "lmi"]
[SourceDate "2012.09.01"]

1. c4 e5 2. g3 Bc5 3. e3 Nc6 4. a3 a5 5. Nc3 Nf6 6. Bg2 O-O 7. Nge2 Re8 8. O-O
d6 9. b3 Bf5 10. d3 Qd7 11. Nb5 Bh3 12. Bb2 Bxg2 13. Kxg2 Nd8 14. Rc1 Ne6 15.
d4 exd4 16. exd4 Ba7 17. Nxa7 Rxa7 18. h4 d5 19. Qd3 c6 20. Rc2 b6 21. Qf5 Qd6
22. Rfc1 c5 23. dxc5 Nxc5 24. Bxf6 Qxf6 25. Qxf6 gxf6 26. cxd5 Nxb3 27. Rc8
Rae7 28. d6 Rxe2 29. Rxe8+ 1-0

[Event "3. Memorial Oliver Gonzalez 2012 - B"]
[Site "Madrid ESP"]
[Date "2012.09.09"]
[Round "9.36"]
[White "Tevar Becerra, Alvaro"]
[Black "Rodriguez Bernal, Herman"]
[Result "1/2-1/2"]
[WhiteElo "1559"]
[BlackElo "1780"]
[PlyCount "35"]
[EventDate "2012.09.01"]
[EventType "swiss"]
[EventRounds "9"]
[EventCountry "ESP"]
[Source "lmi"]
[SourceDate "2012.09.01"]

1. e4 e5 2. Nf3 Nf6 3. Nc3 Nc6 4. Bb5 d6 5. d4 exd4 6. Nxd4 Bd7 7. Nxc6 Bxc6 8.
Bxc6+ bxc6 9. Bg5 Be7 10. O-O O-O 11. Qd3 Rb8 12. b3 h6 13. Bf4 Nd7 14. Rad1
Nc5 15. Qe3 Re8 16. e5 d5 17. Qg3 Kh7 18. Ne2 1/2-1/2

[Event "3. Memorial Oliver Gonzalez 2012 - B"]
[Site "Madrid ESP"]
[Date "2012.09.09"]
[Round "9.37"]
[White "Mateos Cordero, Francisco"]
[Black "Alvarez Gonzalez, Eduardo"]
[Result "0-1"]
[WhiteElo "1506"]
[BlackElo "1771"]
[PlyCount "88"]
[EventDate "2012.09.01"]
[EventType "swiss"]
[EventRounds "9"]
[EventCountry "ESP"]
[Source "lmi"]
[SourceDate "2012.09.01"]

1. d4 Nf6 2. c4 e6 3. Nf3 b6 4. g3 Bb7 5. Bg2 Bb4+ 6. Bd2 Qe7 7. O-O Bxd2 8.
Qxd2 O-O 9. Nc3 d6 10. Qc2 Nbd7 11. a4 a5 12. e4 e5 13. d5 Nc5 14. Ne1 Nh5 15.
Nd3 Nxd3 16. Qxd3 Nf6 17. Ne2 Nd7 18. f4 Nc5 19. Qc2 exf4 20. Nxf4 Qe5 21. b3
Rae8 22. Rae1 Bc8 23. Kh1 f5 24. Ne6 Bxe6 25. dxe6 f4 26. gxf4 Rxf4 27. Rxf4
Qxf4 28. e5 dxe5 29. Rf1 Qh4 30. Qf5 Qf6 31. Qxf6 gxf6 32. Rxf6 Re7 33. Bd5
Nxb3 34. Rf3 Nc5 35. Rg3+ Kf8 36. Rf3+ Kg7 37. Rg3+ Kh8 38. Rg5 e4 39. Re5 Kg7
40. Rf5 Nxa4 41. Rf7+ Rxf7 42. exf7 e3 43. Kg2 Nc3 44. Be6 a4 0-1

[Event "3. Memorial Oliver Gonzalez 2012 - B"]
[Site "Madrid ESP"]
[Date "2012.09.09"]
[Round "9.39"]
[White "Martinez Rubio, Felipe"]
[Black "Salgado Duarte, Pablo"]
[Result "1-0"]
[WhiteElo "1835"]
[BlackElo "1579"]
[PlyCount "70"]
[EventDate "2012.09.01"]
[EventType "swiss"]
[EventRounds "9"]
[EventCountry "ESP"]
[Source "lmi"]
[SourceDate "2012.09.01"]

1. d4 d5 2. Nf3 Nf6 3. Bf4 Nc6 4. e3 a6 5. c3 e6 6. Bd3 h6 7. Nbd2 Bd6 8. Bxd6
Qxd6 9. e4 dxe4 10. Nxe4 Nxe4 11. Bxe4 O-O 12. O-O Bd7 13. Re1 Nd8 14. Ne5 Nc6
15. Nc4 Qe7 16. Bc2 b5 17. Qd3 f5 18. Ne3 Qf6 19. f4 Ne7 20. d5 Rad8 21. c4 Kh8
22. g3 bxc4 23. Qxc4 Bb5 24. Qxc7 Rd7 25. Qc3 Nxd5 26. Nxd5 Rxd5 27. Bb3 Rd6
28. Qb4 Rfd8 29. Rad1 Rxd1 30. Bxd1 Rd4 31. Qc3 Qd8 32. Bf3 Rd3 33. Qc2 Rxf3
34. Rxe6 Qd4+ 35. Kg2 Qd5 1-0

[Event "3. Memorial Oliver Gonzalez 2012 - B"]
[Site "Madrid ESP"]
[Date "2012.09.09"]
[Round "9.41"]
[White "Fernandez Rodriguez, Fernando"]
[Black "Serrano Leiva, Ana"]
[Result "1-0"]
[WhiteElo "1728"]
[BlackElo "1539"]
[PlyCount "65"]
[EventDate "2012.09.01"]
[EventType "swiss"]
[EventRounds "9"]
[EventCountry "ESP"]
[Source "lmi"]
[SourceDate "2012.09.01"]

1. e4 c5 2. Nf3 Nc6 3. d4 cxd4 4. Nxd4 e5 5. Nb5 d6 6. N1c3 a6 7. Na3 b5 8. Nd5
Nge7 9. c4 Nd4 10. Nc2 Nxd5 11. cxd5 Be7 12. Nxd4 exd4 13. Bd3 O-O 14. O-O Bb7
15. b3 f5 16. Bb2 Bf6 17. Qf3 Be5 18. exf5 Bc8 19. Qh5 Qf6 20. f4 Bxf4 21. Rxf4
Qe5 22. Re4 Qxf5 23. Qxf5 Bxf5 24. Rxd4 Bxd3 25. Rxd3 Rae8 26. Rg3 Rf7 27. Rf1
Rfe7 28. Bd4 g6 29. Rgf3 Re2 30. Rf7 R8e7 31. Rxe7 Rxe7 32. Rf6 Re1+ 33. Kf2
1-0

[Event "3. Memorial Oliver Gonzalez 2012 - B"]
[Site "Madrid ESP"]
[Date "2012.09.09"]
[Round "9.42"]
[White "Hernandez Mateo, Borja"]
[Black "Morona Minguez, Miguel"]
[Result "1-0"]
[WhiteElo "1719"]
[BlackElo "1631"]
[PlyCount "29"]
[EventDate "2012.09.01"]
[EventType "swiss"]
[EventRounds "9"]
[EventCountry "ESP"]
[Source "lmi"]
[SourceDate "2012.09.01"]

1. e4 e5 2. Nf3 Nc6 3. Bb5 a6 4. Ba4 Nf6 5. O-O b5 6. Bb3 Be7 7. Re1 O-O 8. c3
Bb7 9. d4 d6 10. Nbd2 Qd7 11. Nf1 Ne8 12. dxe5 Qg4 13. Ne3 Qg6 14. Nf5 Bd8 15.
N3h4 1-0

[Event "3. Memorial Oliver Gonzalez 2012 - B"]
[Site "Madrid ESP"]
[Date "2012.09.09"]
[Round "9.43"]
[White "Rodriguez Gomez, Jose"]
[Black "Vazquez Cabeza, Isaac"]
[Result "1-0"]
[WhiteElo "1716"]
[BlackElo "1462"]
[PlyCount "73"]
[EventDate "2012.09.01"]
[EventType "swiss"]
[EventRounds "9"]
[EventCountry "ESP"]
[Source "lmi"]
[SourceDate "2012.09.01"]

1. e4 e5 2. Nf3 Nc6 3. Bb5 a6 4. Ba4 Bc5 5. c3 d6 6. d4 exd4 7. cxd4 Bb4+ 8.
Nc3 Bd7 9. O-O Nf6 10. Bg5 h6 11. Bxf6 Qxf6 12. Nd5 Qd8 13. Bxc6 Bxc6 14. Nxb4
Bb5 15. Re1 c5 16. dxc5 dxc5 17. Qxd8+ Rxd8 18. Nd5 O-O 19. Rac1 c4 20. Ne5
Rfe8 21. Nf3 Bc6 22. Nc3 b5 23. b4 Re7 24. Re3 Rde8 25. Rce1 g6 26. Nd4 Bb7 27.
f3 Rd7 28. Ndxb5 axb5 29. Nxb5 Ba6 30. Nc3 Red8 31. a4 Rd3 32. b5 Bc8 33. a5
Rxe3 34. Rxe3 Rd3 35. Rxd3 cxd3 36. Kf2 Bd7 37. a6 1-0

[Event "3. Memorial Oliver Gonzalez 2012 - B"]
[Site "Madrid ESP"]
[Date "2012.09.09"]
[Round "9.44"]
[White "Sanchez Tapia, Luis G"]
[Black "Zhynguel Ramirez De Verger, Al"]
[Result "0-1"]
[WhiteElo "1605"]
[BlackElo "1704"]
[PlyCount "100"]
[EventDate "2012.09.01"]
[EventType "swiss"]
[EventRounds "9"]
[EventCountry "ESP"]
[Source "lmi"]
[SourceDate "2012.09.01"]

1. Nf3 f5 2. c4 Nf6 3. Nc3 g6 4. e3 Bg7 5. d4 d6 6. Bd3 c6 7. O-O O-O 8. e4
fxe4 9. Nxe4 Nxe4 10. Bxe4 Nd7 11. Qc2 e5 12. Bg5 Qc7 13. Nh4 exd4 14. Nxg6
hxg6 15. Bxg6 Ne5 16. Bh7+ Kh8 17. Qe4 Ng4 18. Qg6 Be5 19. Bh6 Nxh6 20. Qxh6
Qg7 21. Qxg7+ Kxg7 22. Be4 Be6 23. b3 Rf4 24. Rae1 Rxe4 25. Rxe4 Bf5 26. Rh4 d3
27. g4 Bg6 28. f4 Bd4+ 29. Kg2 Be4+ 30. Kg3 d2 31. f5 Bc2 32. g5 Be5+ 33. Kf3
d1=Q+ 34. Rxd1 Bxd1+ 35. Ke3 Rh8 36. Rxh8 Kxh8 37. h4 Bg3 38. f6 Bxh4 39. Kf4
Kg8 40. Kf5 Bxg5 41. Kxg5 Kf7 42. Kf5 Bc2+ 43. Kg5 Bb1 44. a3 Ba2 45. c5 dxc5
46. b4 cxb4 47. axb4 b6 48. Kf5 a5 49. bxa5 bxa5 50. Ke5 Bd5 0-1

[Event "3. Memorial Oliver Gonzalez 2012 - B"]
[Site "Madrid ESP"]
[Date "2012.09.09"]
[Round "9.48"]
[White "Martinez Pastor, Francisco"]
[Black "Peñaranda Grilo, Juan Carlos"]
[Result "1/2-1/2"]
[WhiteElo "1602"]
[BlackElo "1900"]
[PlyCount "52"]
[EventDate "2012.09.01"]
[EventType "swiss"]
[EventRounds "9"]
[EventCountry "ESP"]
[Source "lmi"]
[SourceDate "2012.09.01"]

1. b4 e5 2. Bb2 Bxb4 3. Bxe5 Nf6 4. c3 Ba5 5. Nf3 O-O 6. g3 Nc6 7. Bxf6 Qxf6 8.
Bg2 d5 9. O-O Re8 10. Na3 Bg4 11. Re1 Rad8 12. Nc2 Bb6 13. d4 Bh5 14. a3 Bg6
15. Nb4 Nxb4 16. axb4 Qc6 17. Qb3 f6 18. Nd2 Kh8 19. e3 Qd7 20. c4 dxc4 21.
Nxc4 Bf7 22. Nxb6 axb6 23. Qc3 c6 24. Ra7 f5 25. b5 Bd5 26. Bxd5 cxd5 1/2-1/2

[Event "3. Memorial Oliver Gonzalez 2012 - B"]
[Site "Madrid ESP"]
[Date "2012.09.09"]
[Round "9.49"]
[White "Cavalle Pulla, Juan"]
[Black "Fernandez Garcia, Ignacio"]
[Result "0-1"]
[WhiteElo "1571"]
[BlackElo "1832"]
[PlyCount "100"]
[EventDate "2012.09.01"]
[EventType "swiss"]
[EventRounds "9"]
[EventCountry "ESP"]
[Source "lmi"]
[SourceDate "2012.09.01"]

1. e4 e6 2. d4 d5 3. e5 c5 4. c3 Nc6 5. Nf3 f6 6. exf6 Nxf6 7. g3 cxd4 8. cxd4
Bb4+ 9. Bd2 Bxd2+ 10. Nbxd2 O-O 11. Bg2 Ne4 12. O-O Qf6 13. Qe2 Nxd2 14. Qxd2
Bd7 15. Rfe1 Rac8 16. Ne5 Nxe5 17. Rxe5 Rc6 18. f4 Rfc8 19. Ree1 Rc2 20. Qb4
R8c4 21. Qxb7 Qxd4+ 22. Kh1 Rc7 23. Qb3 Qd2 24. Qf3 Rxb2 25. Red1 Qa5 26. a3
Rcc2 27. Rg1 d4 28. Rac1 Bc6 29. Rxc2 Rxc2 30. Qf1 Qd2 31. h4 d3 32. Kh2 Bxg2
33. Rxg2 Qxg2+ 34. Qxg2 Rxg2+ 35. Kxg2 d2 36. Kf2 d1=Q 37. Ke3 Qb3+ 38. Ke4
Qxg3 39. Ke5 Kf7 40. Ke4 Kf6 41. h5 Qxa3 42. Kd4 Kf5 43. h6 Kxf4 44. hxg7 Qb2+
45. Kd3 Qxg7 46. Kc4 Ke4 47. Kc5 Qc7+ 48. Kb4 Kd4 49. Kb3 h5 50. Kb2 Kd3 0-1

[Event "3. Memorial Oliver Gonzalez 2012 - B"]
[Site "Madrid ESP"]
[Date "2012.09.09"]
[Round "9.50"]
[White "Sanchez Romero, Ruben"]
[Black "Cortijo Manso, Luis"]
[Result "1/2-1/2"]
[WhiteElo "1788"]
[BlackElo "1534"]
[PlyCount "96"]
[EventDate "2012.09.01"]
[EventType "swiss"]
[EventRounds "9"]
[EventCountry "ESP"]
[Source "lmi"]
[SourceDate "2012.09.01"]

1. e4 c5 2. Nf3 e6 3. Nc3 Nc6 4. d4 cxd4 5. Nxd4 a6 6. Bc4 Nge7 7. Bg5 Qb6 8.
Nb3 Ng6 9. O-O Be7 10. Be3 Qc7 11. Qd2 O-O 12. f4 b5 13. Bd3 Bb7 14. Rf3 Nb4
15. Raf1 Nxd3 16. cxd3 Rad8 17. Rg3 d5 18. Qe2 dxe4 19. dxe4 b4 20. Na4 Qb8 21.
f5 exf5 22. exf5 Bd6 23. Rh3 Nf4 24. Bxf4 Bxf4 25. Qg4 Be5 26. Nac5 Bc8 27. Ne4
Qb6+ 28. Kh1 Bf6 29. Rh6 g6 30. h4 Bg7 31. Qg5 f6 32. Qf4 Qb5 33. fxg6 Bxh6 34.
gxh7+ Kh8 35. Qf2 f5 36. Ng5 Bxg5 37. hxg5 Rd6 38. Re1 Qc4 39. Qg3 Qd3 40. Qe5+
Kxh7 41. Re3 Qd1+ 42. Kh2 Re6 43. Rh3+ Kg6 44. Rh6+ Kxg5 45. Qg7+ Kf4 46. Rh4+
Ke3 47. Qg3+ Ke2 48. Qf3+ Ke1 1/2-1/2

[Event "3. Memorial Oliver Gonzalez 2012 - B"]
[Site "Madrid ESP"]
[Date "2012.09.09"]
[Round "9.52"]
[White "Garcia Hernandez, Javier"]
[Black "Martin Rodriguez, Jose L"]
[Result "1-0"]
[WhiteElo "1721"]
[BlackElo "1431"]
[PlyCount "65"]
[EventDate "2012.09.01"]
[EventType "swiss"]
[EventRounds "9"]
[EventCountry "ESP"]
[Source "lmi"]
[SourceDate "2012.09.01"]

1. d4 Nf6 2. c4 e6 3. Nf3 Bb4+ 4. Bd2 Qe7 5. a3 Bxd2+ 6. Nbxd2 d5 7. e3 c5 8.
cxd5 Nxd5 9. dxc5 O-O 10. Qc2 Nc6 11. Bd3 f5 12. Nb3 Kh8 13. O-O Bd7 14. Rfe1
Qf6 15. Rad1 Ne5 16. Nxe5 Qxe5 17. e4 fxe4 18. Bxe4 Qg5 19. Rd3 Bc6 20. Nd4 Nf4
21. Rg3 Qf6 22. Nxc6 bxc6 23. Bxc6 Rad8 24. Be4 Qd4 25. Qc3 Ne2+ 26. Rxe2 Qd1+
27. Re1 Qd4 28. Qxd4 Rxd4 29. Rd3 Rfd8 30. Red1 e5 31. f4 Rxd3 32. Rxd3 Rxd3
33. Bxd3 1-0

[Event "3. Memorial Oliver Gonzalez 2012 - B"]
[Site "Madrid ESP"]
[Date "2012.09.09"]
[Round "9.53"]
[White "Romero Jaime, Pedro"]
[Black "Anton Quevedo, Andrea"]
[Result "0-1"]
[WhiteElo "1665"]
[BlackElo "1416"]
[PlyCount "98"]
[EventDate "2012.09.01"]
[EventType "swiss"]
[EventRounds "9"]
[EventCountry "ESP"]
[Source "lmi"]
[SourceDate "2012.09.01"]

1. d4 Nf6 2. c3 d5 3. e3 Nc6 4. Bd3 e5 5. dxe5 Nxe5 6. Bc2 Be6 7. h3 Bc5 8. f4
Nc4 9. Qe2 O-O 10. Nf3 Re8 11. a4 Bc8 12. Nd4 a5 13. b3 Nd6 14. O-O Nfe4 15.
Qf3 Bxd4 16. cxd4 Re6 17. Nd2 Nxd2 18. Bxd2 Ne4 19. Be1 f5 20. h4 Raa6 21. Rc1
Rg6 22. Bxe4 fxe4 23. Qf2 Rg4 24. Kh2 Rh6 25. g3 Bf5 26. Rc5 b6 27. Rc3 Qd6 28.
Qc2 c6 29. Bf2 Bd7 30. Rc1 g5 31. Qd2 gxh4 32. gxh4 Rhg6 33. Rg1 Rxg1 34. Bxg1
Qe7 35. Qf2 Rg4 36. Kh1 Rxh4+ 37. Bh2 Rh3 38. Rxc6 Rxh2+ 39. Qxh2 Bxc6 40. Kg1
Qg7+ 41. Kf2 Qg4 42. Ke1 Qf3 43. Qg1+ Kf7 44. Kd2 Qh5 45. Qg3 Bd7 46. Qg1 Qg4
47. Qh2 h5 48. Kc3 h4 49. Qa2 Qd1 0-1

[Event "3. Memorial Oliver Gonzalez 2012 - B"]
[Site "Madrid ESP"]
[Date "2012.09.09"]
[Round "9.55"]
[White "Casado Izquierdo, David"]
[Black "Hernandez Ramos, Alberto"]
[Result "0-1"]
[WhiteElo "1730"]
[BlackElo "1422"]
[PlyCount "42"]
[EventDate "2012.09.01"]
[EventType "swiss"]
[EventRounds "9"]
[EventCountry "ESP"]
[Source "lmi"]
[SourceDate "2012.09.01"]

1. e4 e5 2. Nf3 Nc6 3. Bb5 d6 4. d4 Bd7 5. O-O Nf6 6. Nc3 a6 7. Bxc6 Bxc6 8.
dxe5 dxe5 9. Nxe5 Bb4 10. Nxc6 bxc6 11. Bg5 Bxc3 12. bxc3 Qe7 13. e5 Qxe5 14.
Re1 Ne4 15. Bh4 O-O 16. Qe2 Rfe8 17. Qf3 Qxc3 18. Qf4 Nd6 19. Rec1 Re4 20. Qg3
Qc4 21. Bg5 Rg4 0-1